000 01254nam a2200253 a 4500
001 BS0003074
003 BR-BrBNA
005 20230418192218.0
008 230308b |||||||| |||| 00| 0 por d
040 _aBR-BrBNA
_bpor
_cBiblioteca Nacional de Agricultura
041 _apor
072 _aB59
090 _aB59 BS0003074
100 1 _aMelton, J.gordon.
245 1 _aO Livro dos vampiros: A Enciclopedia dos mortos-vivos /
260 3 _aSão Paulo, SP.:
_bMakron books,
_c1995.
300 _a1017 p.
500 _aTitulo original: The vampire book: The encyclopedia of the undead. Traduzido por James Sunderland cook..
520 3 _aAntigamente era exótico falar sobre vampiros, além de ser algo de interesse para apenas um pequeno grupo de entusiastas. No entanto, em pleno século XXI, o assunto está tão popularizado (senão ridicularizado com certas produções a respeito)que até crianças querem ser vampiros. O Livro dos Vampiros: A Enciclopédia dos Mortos-Vivos, de J. Gordon Melton, publicado pela M. Books vai muito além, pois em uma edição luxuosa conta tudo deste mundo dark de maneira simples e até didática.
650 _aOCULTISMO
650 _aVAMPIRISMO
909 _a202304
_bSergio Santos
_c56
_dSergio Santos
942 _cBK
999 _c8137
_d8137